000
00230nam a22000857a 4500
008
160705b xxu||||| |||| 00| 0 eng d
100
_9
2100
_a
Singh, P
245
_a
Maharaja Ranjit Singh
260
_a
New Delhi
_b
National Book Trust
_c
1989
999
_c
1795
_d
1795